00435 2200169 4500001002100000005001500021035002000036245004900056100001500105250001700120300003500137260003200172082001000204084001600214020002200230650001300252INLIS00000000000017120240510083245 a0010-05240000931 aBudi Daya Lebah dan Manfaatnya /cS. Mulyono0 aS. Mulyono acetakan ke-1 aiv, 124 hlm :bilus ;c21,5 cm aSurabaya :bJP Books,c2007 a638.1 a638.1 S. b a978-979-348-780-9 4abudidaya